00700nam a2200229Ia 4500003000900000008004100009040001300050040001300063041000800076100002300084100000800107245008100115250000900196260002100205260000900226300000800235490001600243490000600259942000700265999001300272952018500285IT-RoPAU120407s9999 xx 000 0 und d aIT-RoPAU cIT-RoPAU aita aFranz Xaver Arnold cdr. a"Il ministero della fede. Le usanze più urgenti della pastorale d’oggi." aAlba aEdizioni Paoline c1954 c cm aMagisterium v1 cBK c191d191 00102ddc406253_81000000000000071aPAULUSbPAULUSd2012-04-11l0o253.81r2012-04-11 00:00:00w2012-04-11yBKzInserito da: Anna In data: n.d. fondo: Via A.Severo 56 Progr:13252